000 00448nam a2200181Ia 4500
005 20221221145428.0
008 131103s9999 xx 000 0 und d
040 _aLoreto College
041 _aEnglish
082 _a813.52
_bFIT
100 _aFitzgerald
245 _aTender is the night
_cFitzgerald
260 _a[s.l.]
_b[s.n.]
_c[19 -?]
300 _a352 p.
650 _aAmerican Fiction - 20th Century
850 _aLCLIB
942 _cBK
999 _c11909
_d62388